000 00657nam a2200277Ia 4500
005 20260324135543.0
008 008 260324s9999 xx 000 0 eng d
020 _a9780203131275
037 _aEBOOK
040 _aCRL
040 _beng
040 _cCRL
041 _2eng
041 _aeng
084 _qCRL
100 _aGeorge Pattison
_91166449
245 0 _aRoutledge Philosophy Guidebook to the Later Heidegger
260 _bTaylor and Francis
260 _c2000
365 _a
365 _b180
856 _uhttp://www.taylorfrancis.com/books/9780203131275
942 _cEBOOK
999 _c1802225
_d1802225